<?xml version="1.0" encoding="UTF-8"?><?xml-stylesheet type="text/xsl" href="static/style.xsl"?><OAI-PMH xmlns="http://www.openarchives.org/OAI/2.0/" xmlns:xsi="http://www.w3.org/2001/XMLSchema-instance" xsi:schemaLocation="http://www.openarchives.org/OAI/2.0/ http://www.openarchives.org/OAI/2.0/OAI-PMH.xsd"><responseDate>2026-04-17T01:33:13Z</responseDate><request verb="GetRecord" identifier="oai:www.recercat.cat:2117/430057" metadataPrefix="marc">https://recercat.cat/oai/request</request><GetRecord><record><header><identifier>oai:recercat.cat:2117/430057</identifier><datestamp>2025-07-22T17:29:18Z</datestamp><setSpec>com_2072_1033</setSpec><setSpec>col_2072_452951</setSpec></header><metadata><record xmlns="http://www.loc.gov/MARC21/slim" xmlns:dcterms="http://purl.org/dc/terms/" xmlns:xsi="http://www.w3.org/2001/XMLSchema-instance" xmlns:doc="http://www.lyncode.com/xoai" xsi:schemaLocation="http://www.loc.gov/MARC21/slim http://www.loc.gov/standards/marcxml/schema/MARC21slim.xsd">
   <leader>00925njm 22002777a 4500</leader>
   <datafield ind2=" " ind1=" " tag="042">
      <subfield code="a">dc</subfield>
   </datafield>
   <datafield ind2=" " ind1=" " tag="720">
      <subfield code="a">Romero de Ávila Salas, Víctor</subfield>
      <subfield code="e">author</subfield>
   </datafield>
   <datafield ind2=" " ind1=" " tag="260">
      <subfield code="c">2025-02-04</subfield>
   </datafield>
   <datafield ind2=" " ind1=" " tag="520">
      <subfield code="a">Este trabajo de fin de grado analiza la seguridad en los buques de pasaje, centrándose en la gestión de emergencias y los protocolos de evacuación. Se examina la normativa internacional, especialmente el convenio SOLAS y el papel de la OMI, junto con casos históricos como el Titanic, el Scandinavian Star y el Costa Concordia, identificando deficiencias y mejoras implementadas tras estos incidentes. El estudio también abarca los procedimientos de emergencia, incluyendo planes de evacuación, simulacros y formación de la tripulación. Además, se analizan tecnologías de seguridad como sistemas de localización, iluminación de emergencia y simuladores de entrenamiento. Un aspecto clave es el impacto de la carga de pasajeros en la estabilidad del buque y la eficacia de los protocolos de evacuación en situaciones críticas. El trabajo se complementa con observaciones realizadas en buques Ro-Pax modernos (Birka Gotland, Viking Grace y Baltic Princess), evaluando su señalización, medios de evacuación y equipos de seguridad. Finalmente, se presentan recomendaciones para mejorar la seguridad marítima, destacando la necesidad de formación avanzada, la aplicación de nuevas tecnologías y el refuerzo de la normativa actual para garantizar la protección de pasajeros y tripulación.</subfield>
   </datafield>
   <datafield tag="653" ind2=" " ind1=" ">
      <subfield code="a">Àrees temàtiques de la UPC::Nàutica::Seguretat marítima</subfield>
   </datafield>
   <datafield tag="653" ind2=" " ind1=" ">
      <subfield code="a">Passenger ships -- Safety regulations</subfield>
   </datafield>
   <datafield tag="653" ind2=" " ind1=" ">
      <subfield code="a">Cruise ships -- Safety regulations</subfield>
   </datafield>
   <datafield tag="653" ind2=" " ind1=" ">
      <subfield code="a">Ships -- Safety measures</subfield>
   </datafield>
   <datafield tag="653" ind2=" " ind1=" ">
      <subfield code="a">Buques de pasaje</subfield>
   </datafield>
   <datafield tag="653" ind2=" " ind1=" ">
      <subfield code="a">Seguridad</subfield>
   </datafield>
   <datafield tag="653" ind2=" " ind1=" ">
      <subfield code="a">Protocolos de emergencia</subfield>
   </datafield>
   <datafield tag="653" ind2=" " ind1=" ">
      <subfield code="a">Evacuación</subfield>
   </datafield>
   <datafield tag="653" ind2=" " ind1=" ">
      <subfield code="a">Incidentes marítimos</subfield>
   </datafield>
   <datafield tag="653" ind2=" " ind1=" ">
      <subfield code="a">OMI</subfield>
   </datafield>
   <datafield tag="653" ind2=" " ind1=" ">
      <subfield code="a">Normativa SOLAS</subfield>
   </datafield>
   <datafield tag="653" ind2=" " ind1=" ">
      <subfield code="a">Vaixells de passatge -- Mesures de seguretat</subfield>
   </datafield>
   <datafield tag="653" ind2=" " ind1=" ">
      <subfield code="a">Vaixells de creuer -- Mesures de seguretat</subfield>
   </datafield>
   <datafield ind2="0" ind1="0" tag="245">
      <subfield code="a">Evaluación de la seguridad en los buques de pasaje: gestión de emergencias y protocolos de evacuación</subfield>
   </datafield>
</record></metadata></record></GetRecord></OAI-PMH>